000
00216 a2200097 4500
001
49398
100
_a
Locke, L
245
_a
The Tigers of Trenccand
260
_a
London
_b
Museum Press Ltd
_c
090
_c
31936
_d
31936
942
_a
NUST-CAE
_c
M
_c
24376
999
_c
284471
_d
284471